000 01456cam a2200289 i 4500
003 SA-RiAUC
005 20250531174026.0
008 250530s2003 ts g 00000 ara c
040 _aAE-AdMPA
_bara
_cSA-RiAUC
_erda
082 0 4 _a251.6
090 _a251.6
_bق ا ض
100 1 _aالقاضي عبد الوهاب، عبد الوهاب بن علي بن نصر،
_d362-422 هجري
_eمؤلف.
245 1 2 _aالفروق الفقهية للقاضي عبد الوهاب البغدادي وعلاقتها بفروق الدمشقي /
_cتحقيق ودراسة محمود سلامة الغرياني.
250 _aالطبعة الأولى.
264 1 _aدبي، الإمارات العربية المتحدة :
_bدار البحوث للدراسات الإسلامية وإحياء التراث،
_c2003
300 _a215 صفحة ؛
_c24 سم.
336 _aنص
_btxt
_2rdacontent
_3كتاب
337 _aبدون وسيط
_bn
_2rdamedia
338 _aمجلد
_bnc
_2rdacarrier
440 2 _aالدراسات الفقهية (بيت الحكمة للترجمة والنشر)
_v12
650 7 _aالفقه الإسلامي
_2aucsh
700 1 _aالغرياني، محمود سلامة
_eمحقق.
700 1 2 _aالدمشقي، مسلم بن علي بن عبد الله،
_dتوفي قرن 5 هجري.
_tالفروق الفقهية.
740 2 2 _aالفروق الفقهية.
942 _2ddc
_cBOOK
_n0
949 _aSA-JeALM
_d250530
_umohamedma123
_n1
999 _c8588
_d8588